000 00791nam a2200253Ia 4500
003 OSt
005 20220923220111.0
006 a|||||r|||| 00| 0
007 ta
008 220922b |||||||| |||| 00| 0 hin d
024 _a184,292
037 _cTextual
040 _aARTS
_cARTS
_bhin
041 _2hin
_ahin
082 _aO152,2:g, K0
100 _aव्रज रत्नदास
245 0 _aहिन्दी नाटय साहित्य
246 _aHindī nāṭaya sāhitya
250 _aसंस्क0 5
260 _aवाराणसी
_b हिन्दी साहित्य कुटीर
_c1960
300 _a285 पृ.
_ccm.
942 _hO152,2:g, K0
_cTEXL
_2CC
999 _c337576
_d337576